| 000 | 00496nam a2200157 a 4500 | ||
|---|---|---|---|
| 001 | 000042601 | ||
| 005 | 20201002040251.0 | ||
| 008 | 140130s2013 dr 000 0 spa d | ||
| 020 | _a9789945009637 | ||
| 040 |
_aDO-SdBNP _bspa _cBNPHU |
||
| 100 | 1 |
_aReynoso, Cristian _969851 |
|
| 245 | 1 | 4 |
_aLa sustituta / _cCristian Reynoso. |
| 260 |
_aSanto Domingo, : _b[s.d.[, _c2013. _fFotocopiado Correa |
||
| 300 |
_a152 p. ; _c21 cm. |
||
| 590 | _aLa biblioteca posee 3 ejemplares autografíados por el autor | ||
| 999 |
_c42090 _d42090 |
||